000 01363cam a2200349 i 4500
001 42064
003 Mx-PuUPA
005 20250611122402.0
008 140415s1992 enk fr 001 0 eng d
020 _a052135207X
_qempastado
040 _aMx-PuUPA
_bspa
_cMx-PuUPA
_dMx-PuUPA
_erda
041 0 _aeng
043 _ae-uk-en
043 _an-us---
100 1 _aFreyer, Tony Allan
_d1947-
_eautor
_917159
245 1 0 _aRegulating big business antitrust in Great Britain and America :
_b1880-1990 /
_cTony Freyer
264 1 _aCambridge :
_bCambridge University Press,
_c1992
300 _axiii, 399 páginas ;
_c23 cm
336 _2rdacontent
_atexto
_btxt
337 _2rdamedia
_asin medio
_bn
338 _2rdacarrier
_avolumen
_bnc
650 7 _2armarc
_aRegulación del comercio
_zGran Bretaña
_xHistoria
650 7 _2armarc
_aRegulación del comercio
_zEstados Unidos
_xHistoria
650 7 _2armarc
_aFideicomisos
_xIndustrias
_zGran Bretaña
_xHistoria
650 7 _2armarc
_aFideicomisos
_xIndustrias
_zEstados Unidos
_xHistoria
650 7 _2armarc
_aLey antimonopolio
_zGran Bretaña
_xHistoria
650 7 _2armarc
_aLey antimonopolio
_zEstados Unidos
_xHistoria
942 _2ddc
_cLI
_h338.80941
_iF84
999 _c42064
_d42064